| 000 | 01034nam0a2200289 4500 | ||
|---|---|---|---|
| 001 | RU\NLR\bibl\1651224 | ||
| 005 | 20260406110809.0 | ||
| 010 |
_a978-5-9567-1071-5 _920000 |
||
| 021 |
_aRU _b2010-40861 _9256д/2010 |
||
| 035 | _a(NLR Aleph) 001642545 | ||
| 090 |
_a871162 _c871162 |
||
| 100 | _a20100630d2010 |||y0rusy50 ca | ||
| 101 | 0 | _arus | |
| 102 | _aRU | ||
| 105 | _ay ||||||||| | ||
| 200 | 1 |
_aСамые вкусные блюда из курицы _e[рецепты _fсост.: Cкиба Тамара Викторовна] |
|
| 210 |
_aРостов-на-Дону _cВладис _d2010 |
||
| 215 |
_a62, [2] с. _d20 |
||
| 225 | 1 | _aИскусство кулинарии | |
| 606 | 1 |
_aБлюда из курицы _xРецептура _91422614 _3RU\NLR\auth\66600450 |
|
| 686 | _aЛ992.4 | ||
| 702 | 1 |
_4220 _8rus _7ca _aСкиба _bТ. В. _gТамара Викторовна _3RU\NLR\auth\77112548 _995473 |
|
| 801 | 0 |
_aRU _bNLR _c20100630 _gRCR |
|
| 801 | 1 |
_aRU _bNLR _c20100630 |
|
| 942 | _cBOOK | ||
| 980 | _aNB | ||